00419 2200181 4500001002100000005001500021035002000036245004900056100002200105250000600127260003600133082000800169084001400177600001000191990001200201990001200213990001200225INLIS00000000000178220250506085031 a0010-05250000741 aSi Cebol Rindukan Bulan /cAman DT. Mojoindo0 aAman DT. Mojoindo a1 aJakarta :bBalai Pustaka,c2000 a813 a813 AMA s 4aFiksi a00.0130 a00.0131 a00.0132